Olympics medal table - Rome 1960 - Statistics

General Stats
  • This quiz has been taken 17 times
  • The average score is 8 of 10
Answer Stats
Gold Silver Bronze Total Nation % Correct
34 21 16 71 United States
100%
12 19 11 42 United Team of Germany
94%
8 8 6 22 Australia
88%
2 6 12 20 Great Britain
88%
13 10 13 36 Italy
88%
43 29 31 103 Soviet Union
88%
4 7 7 18 Japan
76%
4 6 11 21 Poland
76%
6 8 7 21 Hungary
65%
3 1 6 10 Romania
41%
No matching quizzes found
Score Distribution
Percent of People with Each Score
Percentile by Number Answered
Your Score History
You have not taken this quiz